01485nam a2200325 i 4500001001000000003000900010005001700019007000300036008004100039040003000080041000800110082002000118100004700138245008400185264004400269300004500313336002700358337003300385338002800418500007000446504003400516590002600550910000700576942001400583952013900597952012700736952013300863952014600996999001701142000024777DO-SdBNP20251125085952.0ta110204s1994 dr a r 001 0 spa d aDO-SdBNPbspacBNPHUespa aspa axxxxbH557f2221 aHernández Díaz, Fernandoeautor93132210aFalsa democracia o necropsia del poder judicial /cFernando Hernández Díaz. aSanto Domingo :bEditorial Maxy,c1994. a251 páginas :bilustraciones ;c22 cm. ardacontentbtexto2txt ardamediabsin mediación2n ardacarrierbvolumen2nc aIncluye datos biográficos del autor en la solapa de la cubierta aBibliografía : página 251 aInventariado, 2019/BT aDG 2ddccLBS1 00102ddc56708DSaBNPHUbBNPHUcHDd2018-12-14l0oBNPHU DS H557fp24777-30r2020-06-25te. 3w2020-06-25yLBS1ZPréstamo en sala 00102ddc51708PDaBNPHUbBNPHUcHDd2011-02-04l0oBNPHU PD H557fp24777-10r2020-06-25w2020-06-25yLBS1ZNo se presta 00102ddc51708PDaBNPHUbBNPHUcHDd2011-02-04l0oBNPHU PD H557fp24777-20r2020-06-25te. 2w2020-06-25yLBS1ZNo se presta 00102ddc56708DSaBNPHUbBNPHUcCTd2025-11-25edonaciónl0oBNPHU DS H557fp2025-13440r2025-11-25te.4w2025-11-25yLBS1zLaura Pujols c24270d24270